=LDR 00000nam 2200000 4500 =001 INLIS000000000039829 =005 20130612145431 =008 ***********************************Ind** =035 ##$$0010-061300000039829 =041 ##$$a Ind =082 ##$$a F Rom K =090 ##$$a F Rom K, Web b =100 ##$$a Christy Webster =850 ##$$a NBPNMAT